000 00702nam a2200289Ia 4500
005 20260324144508.0
008 008 260324s9999 xx 000 0 eng d
020 _a9780429311260
037 _aEBOOK
040 _aCRL
040 _beng
040 _cCRL
041 _2eng
041 _aeng
084 _qCRL
100 _aKent H Butts; Paul R Thomas
_91219533
245 4 _aThe Geopolitics Of Southern Africa
245 0 _bSouth Africa As Regional Superpower
260 _bTaylor and Francis
260 _c1987
365 _a
365 _b230
856 _uhttp://www.taylorfrancis.com/books/9780429311260
942 _cEBOOK
999 _c1826218
_d1826218